000 11220nam2a2200517 4500
001 rc\1231340
005 20260406103236.0
035 _a(NLR Aleph) 005287501
090 _a6157877
_c6157877
100 _a20060306d1907 u y0rusy50 ca
101 1 _arus
_agre
_cgre
102 _aRU
105 _ay zw 001zd
200 1 _aСборник палестинской и сирийской агиологии
_hВып. 1
_fиздаваемый Аф. Ив. Пападопуло-Керамевсом
_gс русским переводом В. В. Латышева
210 _d1907
215 _a[4], VIII, 223, [2], 250, [2] с.
_d27
300 _aЗагл. также на греч. яз.
300 _aОсн. текст парал.: греч., рус.
320 _aУказ. на греч. яз.: с. 217–223
320 _aУказ. собств. имен: с. 244–250
327 1 _aСодерж. 12 текстов: 1. Сказание о мученичестве святых отцов, избиенных варварами Сарацинами в великой лавре преподобнаго отца нашего Савы. 2. Историческое сказание о подвижничестве святаго великомученика Илии Новаго из Илиополитов, пострадавшаго в Дамаске. 3. (Антонина) житие иже во святых отца нашего Симеона Столпника. 4. Мучение святаго и славнаго священномученика Вавилы, архиепископа Антиохийскаго, и отроков трех. 5. Житие и деяния преподобнаго отца нашего Мартиниана (1-я ред.). 6. Житие и деяния преподобнаго отца нашего Мартиниана (2-я ред.) 7. Житие и деяния преподобнаго отца нашего Герасима отшельника. 8. Житие и деяния и частное изложение чудес преподобнаго отца нашего Герасима подвижника, написанное монахом Космою ритором. 9. Мученичество святых, славных мучеников Христовых шестидесяти трех, написанное Симеоном монахом пресвитером и молчальником святой пещеры Четыредесятницы. 10. Мученичество святаго Кириака архиепископа Иерусалимскаго.-
327 1 _a11. Николая Кавасилы похвала святому преподобномученику Андрею Новому, совершившему течение мученичества в Иерусалиме. 12. Житие и деяния преподобнаго Антония Новаго
461 0 _1001rc\1231292
_12001#$aПравославный Палестинский сборник$vТ. 19, вып. 3 (57)
_96157764
_cС. Петербург [Санкт-Петербург]
_d1881–1916
_nиздание Православнаго Палестинскаго Общества
_tПравославный Палестинский сборник
_uhttps://webservices.nlr.ru/viewer/file?name=t005287490_001.jpg
_vТ. 19, вып. 3 (57)
464 0 _12001#$aСказание о мученичестве святых отцов, избиенных варварами Сарацинами в великой лавре преподобнаго отца нашего Савы
_15181#$aСказание о мученичестве святых отцов, избиенных варварами сарацинами в великой лавре преподобного отца нашего Савы
_tСказание о мученичестве святых отцов, избиенных варварами Сарацинами в великой лавре преподобнаго отца нашего Савы
464 0 _12001#$aИсторическое сказание о подвижничестве святаго великомученика Илии Новаго из Илиополитов, пострадавшаго в Дамаске
_15181#$aИсторическое сказание о подвижничестве святого великомученика Илии Нового из Илиополитов, пострадавшего в Дамаске
_tИсторическое сказание о подвижничестве святаго великомученика Илии Новаго из Илиополитов, пострадавшаго в Дамаске
464 0 _12001#$a(Антонина) житие иже во святых отца нашего Симеона Столпника
_15401#$aЖитие иже во святых отца нашего Симеона Столпника
_1700#0$aАнтонин
_1702#0$aСимеон Столпник$cсвятой$f390-459$3RU\NLR\AUTH\7757075$4280
_t(Антонина) житие иже во святых отца нашего Симеона Столпника
_aАнтонин
464 0 _12001#$aМучение святаго и славнаго священномученика Вавилы, архиепископа Антиохийскаго, и отроков трех
_15181#$aМучение святого и славного священномученика Вавилы, архиепископа Антиохийского, и отроков трех
_1702#0$aВавила Антиохийский$cсвятой$f-250$3RU\NLR\AUTH\770247792$4280
_tМучение святаго и славнаго священномученика Вавилы, архиепископа Антиохийскаго, и отроков трех
464 0 _12001#$aЖитие и деяния преподобнаго отца нашего Мартиниана$h1-я редакция$h2-я редакция
_15181#$aЖитие и деяния преподобного отца нашего Мартиниана
_1702#0$aМартиниан Кесарийский$cсвятой$f-422$3RU\NLR\AUTH\7763225$4280
_tЖитие и деяния преподобнаго отца нашего Мартиниана
464 0 _12001#$aЖитие и деяния преподобнаго отца нашего Герасима отшельника
_15181#$aЖитие и деяния преподобного отца нашего Герасима отшельника
_1702#0$aГерасим Иорданский$cсвятой$f-475$3RU\NLR\AUTH\7756231$4280
_tЖитие и деяния преподобнаго отца нашего Герасима отшельника
464 0 _12001#$aЖитие и деяния и частное изложение чудес преподобнаго отца нашего Герасима подвижника, написанное монахом Космою ритором
_15181#$aЖитие и деяния и частное изложение чудес преподобного отца нашего Герасима подвижника, написанное монахом Космой ритором
_1700#0$aКосма
_1702#0$aГерасим Иорданский$cсвятой$f-475$3RU\NLR\AUTH\7756231$4280
_tЖитие и деяния и частное изложение чудес преподобнаго отца нашего Герасима подвижника, написанное монахом Космою ритором
_aКосма
464 0 _12001#$aМученичество святых, славных мучеников Христовых шестидесяти трех, написанное Симеоном монахом пресвитером и молчальником святой пещеры Четыредесятниц
_15181#$aМученичество святых, славных мучеников христовых шестидесяти трех, написанное Симеоном монахом, пресвитером и молчальником святой пещеры Четыредесятниц
_1700#0$aСимеон$cмонах$fок. 12 в.$3RU\NLR\AUTH\770287575
_tМученичество святых, славных мучеников Христовых шестидесяти трех, написанное Симеоном монахом пресвитером и молчальником святой пещеры Четыредесятниц
_aСимеон (монах ; ок. 12 в.)
464 0 _12001#$aМученичество святаго Кириака архиепископа Иерусалимскаго
_15181#$aМученичество святого Кириака, архиепископа Иерусалимского
_1702#0$aКириак$cархиепископ Иерусалимский, святой$f4 в.$4280
_tМученичество святаго Кириака архиепископа Иерусалимскаго
464 0 _12001#$aНиколая Кавасилы похвала святому преподобномученику Андрею Новому, совершившему течение мученичества в Иерусалиме
_15401#$aПохвала святому преподобномученику Андрею Новому, совершившему течение мученичества в Иерусалиме
_1700#0$aНиколай Кавасила$fок.1320-ок.1397$3RU\NLR\AUTH\775540
_1702#0$aАндрей Новый$cсвятой$f13-14 вв.$3RU\NLR\AUTH\770287495$4280
_tНиколая Кавасилы похвала святому преподобномученику Андрею Новому, совершившему течение мученичества в Иерусалиме
_aНиколай Кавасила (ок.1320-ок.1397)
464 0 _12001#$aЖитие и деяния преподобнаго Антония Новаго
_15181#$aЖитие и деяния преподобного Антония Нового
_1702#0$aАнтоний Новый$cИоанн$cсвятой$fок. 785-ок. 684$3RU\NLR\AUTH\770287492$4280
_tЖитие и деяния преподобнаго Антония Новаго
488 0 _1001rc\1231345
_96105566
_d1913 (обл. 1914)
_hВып. 2]
_p[2], XXIII, 124, [2] с.
_tПравославный Палестинский сборник. - [Сборник палестинской и сирийской агиологии, изданный В. В. Латышевым
702 1 _4650
_7ca
_8rus
_aПападопуло-Керамевс
_bА. И.
_f1856-1912
_gАфанасий Иванович
_3RU\NLR\AUTH\7792583
_975510
702 1 _4730
_8rus
_7ca
_aЛатышев
_bВ. В.
_f1855-1921
_gВасилий Васильевич
_3RU\NLR\AUTH\7788197
_971125
801 0 _aRU
_bNLR
_c20060306
_gpsbo
801 1 _aRU
_bProSoft-M
_c20060306
_2rusmarc
801 2 _aRU
_bNLR
_c20060320
_2rusmarc
852 _aNLR
_j18.311.1.9(57)
852 _aNLR
_j132/3733(57)
852 _aNLR
_bМф
_jК1/23058-19-3
942 _cBOOK
980 _aNB